000 00448nam a2200181Ia 4500
001 9673
005 20260306161735.0
008 260306t2007||||xx |||||||||||||| ||spa||
041 _aESP
082 _a389.1
_bD17
100 _aDajés Castro, José
_eAUT
245 0 _aAseguramiento metrológico en ISO 9000:
_bservicio nacional de metrología
260 _c2007
300 _a
_c
650 _aGEN
654 _aCHU
942 _cLIB
_dJUS
_fJUS
_2ddc
_n
999 _c9673
_d9673